000 00767cab a2200229 4500
001 WB3129-06
008 090401t1995 xxu||||| |||| 00| 0 eng d
035 _a(Sirsi) u40811
041 _aeng
245 _aDoors open for safety reform
260 _c1995
350 _a0
490 _aNew Builder
_v266 21 July 1995, 3(1)
520 _aThe DoE has taken over responsibility from the Department of Employment for the Health and Safety Executive. A review of the Building Regulations and health and safety matters is expected.
650 _aBUILDING REGULATIONS
_96224
650 _aDOE
650 _aHEALTH AND SAFETY EXECUTIVE
650 _aHEALTH AND SAFETY
_96244
690 _aBUILT ENVIRONMENT-BUILDING STANDARDS
942 _n0
948 _c04/03/1997
999 _c26155
_d26155